[Event "Pan American-ch School U15 Girls"]
[Site "Medellin"]
[Date "2019.11.16"]
[Round "7"]
[White "Villalta Leiton, Nicole Tamara"]
[Black "Lopez Rayo, Isabella"]
[Result "0-1"]
[WhiteElo "1175"]
[BlackElo "1688"]
[PlyCount "58"]
[EventDate "2019.11.12"]
[EventType "swiss"]
[EventRounds "9"]
[EventCountry "COL"]
[SourceTitle "CBM 193 Extra"]
[Source "ChessBase"]
[SourceDate "2020.01.31"]
[SourceVersion "1"]
[SourceVersionDate "2020.01.31"]
[SourceQuality "1"]

1. e4 c5 2. Nc3 e6 3. g3 d6 4. Bg2 Nf6 5. d3 Be7 6. Nge2 Nbd7 7. 0-0 Ne5 8. f4 Ng6 9. h3 Qb6 10. Kh1 Bd7 11. Bd2 Bc6 12. b3 h6 13. Rb1 Qa6 14. Be3 Rc8 15. Qe1 b6 16. f5 exf5 17. exf5 Bxg2+ 18. Kxg2 Ne5 19. Kh2 Nfg4+ 20. hxg4 Nxg4+ 21. Kh1 Nxe3 22. Rf2 Nxc2 23. Qd2 Nb4 24. Nf4 0-0 25. Kh2 Bg5 26. Rd1 Rfe8 27. Qb2 Bxf4 28. gxf4 Nxd3 29. Rxd3 Qxd3 0-1